Statistics for Even Numbers Beat the Clock

Click here to take the quiz!

General Stats

  • This quiz has been taken 36 times
  • The average score is 20 of 25

Answer Stats

Even Number% Correct
10
100%
12
100%
14
100%
16
100%
18
100%
2
100%
4
100%
6
100%
8
100%
20
96%
22
91%
24
91%
26
91%
28
87%
30
87%
32
70%
34
61%
36
57%
38
57%
40
52%
42
48%
44
48%
46
43%
48
39%
50
35%

Score Distribution

Percentile by Number Answered

Percent of People with Each Score

Your Score History

You have not taken this quiz